[Event "59th World Juniors 2022"]
[Site "Cala Gonone ITA"]
[Date "2022.10.12"]
[Round "1.42"]
[White "Siddharth, Jagadeesh"]
[Black "Javornik, Nik"]
[Result "1-0"]
[WhiteTitle "IM"]
[WhiteElo "2415"]
[BlackElo "2064"]
[WhiteFideId "5818320"]
[BlackFideId "14636549"]
[EventDate "2022.10.12"]

1. d4 Nf6 2. c4 g6 3. Nc3 Bg7 4. e4 d6 5. Be2 O-O 6. Be3 a5 7. h4 a4 8. h5 c5 9.
h6 Bh8 10. dxc5 Qa5 11. cxd6 Nxe4 12. dxe7 Re8 13. Bd4 Nc6 14. Bxh8 Kxh8 15. Qd5
Nxc3 16. Qxa5 Rxa5 17. bxc3 Re5 18. O-O-O R5xe7 19. Rd2 Kg8 20. Kd1 Ne5 21. Rh4
g5 22. Rhd4 Re6 23. Rd8 Kf8 24. Rxe8+ Kxe8 25. Rd5 f5 26. Nh3 Nf7 27. Bh5 Rxh6
28. Bxf7+ Kxf7 29. Nxg5+ Kf6 30. f4 Rh1+ 31. Kc2 h6 32. Nf3 Be6 33. Rd6 Ke7 34.
Rd4 Rf1 35. Kb2 Rf2+ 36. Rd2 Rf1 37. Ne5 h5 38. g3 Kf6 39. Rh2 Rg1 40. Rxh5 Rg2+
41. Ka3 Rxg3 42. Rh6+ Ke7 43. Rh7+ Kd6 44. Rxb7 Rxc3+ 45. Kxa4 Kc5 46. Re7 Kd6
47. Ra7 Kc5 48. Ra6 Bxc4 49. Rc6+ Kd4 50. Kb4 1-0

[Event "59th World Juniors 2022"]
[Site "Cala Gonone ITA"]
[Date "2022.10.13"]
[Round "2.13"]
[White "Kacharava, Nikolozi"]
[Black "Lumachi, Gabriele"]
[Result "1-0"]
[WhiteTitle "IM"]
[BlackTitle "FM"]
[WhiteElo "2512"]
[BlackElo "2387"]
[WhiteFideId "13611860"]
[BlackFideId "2817247"]
[EventDate "2022.10.12"]

1. e4 e5 2. Nf3 Nf6 3. d4 Nxe4 4. Bd3 Nc6 5. dxe5 Nc5 6. Bc4 d6 7. exd6 Qxd6 8.
Qe2+ Be6 9. Nc3 O-O-O 10. Nb5 Qd7 11. Be3 a6 12. Nc3 Bxc4 13. Qxc4 Qe6 14. Qe2
h6 15. O-O Ne4 16. Nxe4 Qxe4 17. c3 Bc5 18. Nd2 Qd3 19. Qxd3 Rxd3 20. Bxc5 Rxd2
21. Rab1 Rhd8 22. Rfc1 g5 23. Be3 R2d3 24. Kf1 f5 25. Ke2 R3d7 26. Rd1 f4 27.
Rxd7 Kxd7 28. Rd1+ Ke6 29. Rxd8 Nxd8 30. Bd4 Kf5 31. f3 b5 32. Kd3 Ne6 33. Bf2
Ke5 34. c4 b4 35. a3 c5 36. axb4 cxb4 37. Kc2 Nd4+ 38. Kd3 Ne6 39. Bb6 Kd6 40.
Kc2 h5 41. Kb3 Kc6 42. Bg1 g4 43. fxg4 hxg4 44. Kxb4 Ng5 45. Ba7 Kb7 46. Bf2 Ne4
47. Bd4 Kc6 48. Ka5 Nc5 49. Bg1 Nd3 50. b4 Kb7 51. h4 Ne5 52. c5 Nc4+ 53. Ka4
Ne3 54. h5 Nxg2 55. h6 Nh4 56. h7 Ng6 57. Bd4 g3 58. Be5 g2 59. Bd4 Nh8 60. Ka5
Nf7 61. Bg1 f3 62. Bf2 Nh8 63. Be3 Ng6 64. Bg1 Nh8 65. c6+ Kxc6 66. Kxa6 1-0

[Event "59th World Juniors 2022"]
[Site "Cala Gonone ITA"]
[Date "2022.10.13"]
[Round "3.22"]
[White "Iniyan, P"]
[Black "Manish Anto, Cristiano F"]
[Result "1/2-1/2"]
[WhiteTitle "GM"]
[BlackTitle "IM"]
[WhiteElo "2541"]
[BlackElo "2332"]
[WhiteFideId "25002767"]
[BlackFideId "25095927"]
[EventDate "2022.10.12"]

1. d4 Nf6 2. c4 e6 3. Nf3 d5 4. Nc3 c5 5. cxd5 Nxd5 6. e4 Nxc3 7. bxc3 cxd4 8.
cxd4 Bb4+ 9. Bd2 Bxd2+ 10. Qxd2 O-O 11. Bc4 Nd7 12. O-O b6 13. Rad1 Bb7 14. Rfe1
Rc8 15. Bb3 h6 16. h3 Nf6 17. Qf4 Qc7 18. Ne5 Nd7 19. Nd3 Nf6 20. Ne5 Nd7 21.
Nd3 Nf6 22. Qxc7 Rxc7 23. f3 Rd8 24. Nf4 g5 25. Ne2 b5 26. d5 exd5 27. e5 Ne8
28. Nd4 a6 29. Nf5 Kh7 30. Rd4 Ng7 1/2-1/2

[Event "59th World Juniors 2022"]
[Site "Cala Gonone ITA"]
[Date "2022.10.13"]
[Round "3.38"]
[White "Ballesteros Cardenas, Leonardo"]
[Black "Gatineau, Yovann"]
[Result "0-1"]
[WhiteTitle "CM"]
[BlackTitle "IM"]
[WhiteElo "2121"]
[BlackElo "2375"]
[WhiteFideId "3428141"]
[BlackFideId "26028999"]
[EventDate "2022.10.12"]

1. d4 Nf6 2. c4 e6 3. Nc3 Bb4 4. e3 O-O 5. Bd3 d5 6. Nf3 b6 7. O-O Bb7 8. a3
Bxc3 9. bxc3 dxc4 10. Bxc4 c5 11. Qe2 Nbd7 12. Bd3 Ne4 13. Bb2 Qc7 14. Rac1 Rfd8
15. Rfd1 Rac8 16. Nd2 Ndf6 17. Nxe4 Bxe4 18. Bxe4 Nxe4 19. f3 Nd6 20. e4 b5 21.
Ra1 Qa5 22. dxc5 Nc4 23. Rd4 e5 24. Rd5 Rxd5 25. exd5 Rxc5 26. Rd1 Qb6 27. Kh1
Qd6 28. Bc1 Rxd5 29. Rxd5 Qxd5 30. h3 h6 31. Kh2 a5 32. Qc2 Qd7 33. Qe4 f5 34.
Qa8+ Kh7 35. Qf8 e4 36. fxe4 fxe4 37. Qf2 Qd6+ 38. g3 Kg8 39. h4 Qe5 40. Qe2 e3
41. a4 Qxc3 42. Qg4 Qc2+ 43. Kh3 b4 44. Qc8+ Kh7 45. Bb2 Qe4 46. Bxg7 Qh1+ 47.
Kg4 Qe4+ 48. Kh3 Kxg7 49. Qd7+ Kf6 50. Qd8+ Ke5 51. Qh8+ Kd5 52. Qd8+ 0-1

[Event "59th World Juniors 2022"]
[Site "Cala Gonone ITA"]
[Date "2022.10.13"]
[Round "3.49"]
[White "Urbani, Gabriel"]
[Black "Raahul, V S"]
[Result "1/2-1/2"]
[BlackTitle "IM"]
[WhiteElo "2129"]
[BlackElo "2333"]
[WhiteFideId "2830138"]
[BlackFideId "25035525"]
[EventDate "2022.10.12"]

1. e4 e5 2. Nf3 Nc6 3. Bb5 g6 4. c3 d6 5. d4 Bd7 6. O-O Bg7 7. Be3 Nf6 8. Nbd2
Qe7 9. Re1 O-O 10. Bd3 Nh5 11. d5 Nd8 12. c4 c5 13. dxc6 bxc6 14. b4 Ne6 15. Rc1
c5 16. bxc5 dxc5 17. Nb1 Nd4 18. Nc3 Nf6 19. Bxd4 exd4 20. Nd5 Qd8 21. Nd2 Be6
22. Nb3 Rc8 23. h3 Nh5 24. Qd2 Be5 25. f4 Bxd5 26. fxe5 Ba8 27. Be2 Ng7 28. Bg4
Rc6 29. Rb1 Qe7 30. Qf4 Ra6 31. Rb2 Rb6 32. Rf2 h5 33. Bd1 Re6 34. Bc2 Rxe5 35.
Nd2 g5 36. Qg3 f5 37. Ref1 f4 38. Qa3 h4 39. Rb1 Bc6 40. Rf3 Nh5 41. Rfb3 Ng3
42. Rb8 Rxb8 43. Rxb8+ Kg7 44. Qa5 Bxe4 45. Bxe4 Nxe4 46. Nxe4 Rxe4 47. Qa6 Re1+
48. Kh2 f3 49. Rb7 f2 50. Rxe7+ Rxe7 51. Qd6 f1=Q 52. Qxe7+ Kg6 53. Qxc5 Qf4+
54. Kh1 d3 55. Qc6+ Qf6 56. Qe4+ Qf5 57. Qe8+ Kf6 58. Qc6+ Ke7 59. Qc7+ Qd7 60.
Qc5+ Kf6 61. Qf2+ Kg6 62. Qd2 Kf5 63. c5 Ke4 64. Qb4+ Qd4 65. Qb7+ Qd5 66. Qb4+
Ke3 67. Qe1+ Kd4 68. Qg1+ Kc4 69. c6 d2 70. c7 Qc6 71. Qb1 Kd4 72. Qb2+ Kd3 73.
Qa3+ Kc2 74. Qb3+ Kc1 75. Qa3+ Kd1 76. Qf3+ Qxf3 77. gxf3 Ke2 78. c8=Q d1=Q+ 79.
Kh2 Qd2 80. Kh1 Qe1+ 81. Kh2 Kf1 82. Qg4 Qf2+ 83. Kh1 Qg3 84. Qc4+ Kf2 85. Qc2+
Kxf3 86. Qd3+ Kf4 87. Qd4+ Kf5 88. Qd5+ Qe5 89. Qf7+ Ke4 90. Qxa7 Qd5 91. Qf2
Kd3+ 1/2-1/2

[Event "59th World Juniors 2022"]
[Site "Cala Gonone ITA"]
[Date "2022.10.13"]
[Round "3.59"]
[White "Karsten, Jan"]
[Black "Ahmed Younes Alkhemeiri"]
[Result "1-0"]
[WhiteElo "1985"]
[BlackElo "1139"]
[WhiteFideId "14350653"]
[BlackFideId "9324585"]
[EventDate "2022.10.12"]

1. e4 e5 2. Nf3 Nc6 3. Bc4 Bc5 4. c3 Nf6 5. d3 O-O 6. O-O d6 7. h3 h6 8. Re1 Re8
9. b4 Bb6 10. a4 a6 11. Nbd2 Bd7 12. Bb2 Ne7 13. Qb3 Rf8 14. d4 Ng6 15. Bf1 Be6
16. Qc2 Nf4 17. c4 exd4 18. Nxd4 c5 19. Nxe6 fxe6 20. e5 dxe5 21. Bxe5 Ng6 22.
Qxg6 Qxd2 23. Rad1 Qg5 24. Qxg5 hxg5 25. Bd6 Rfe8 26. bxc5 Ba5 27. Re5 g4 28.
hxg4 Nxg4 29. Rg5 Nf6 30. c6 b6 31. Be5 Kf7 32. Bd3 1-0

[Event "59th World Juniors 2022"]
[Site "Cala Gonone ITA"]
[Date "2022.10.13"]
[Round "3.60"]
[White "Salem Muhsan Shuaib"]
[Black "Momin Fayzan"]
[Result "0-1"]
[WhiteElo "1227"]
[BlackElo "1974"]
[WhiteFideId "9325824"]
[BlackFideId "7805225"]
[EventDate "2022.10.12"]

1. d4 Nf6 2. c4 e6 3. Nf3 Bb4+ 4. Bd2 Qe7 5. Nc3 O-O 6. g3 b6 7. a3 Bxc3 8. Bxc3
Ne4 9. Qc2 Bb7 10. Bg2 Nxc3 11. Qxc3 d6 12. O-O Nd7 13. Rfd1 Nf6 14. Rac1 Rad8
15. e3 h6 16. b4 c5 17. b5 Bxf3 18. Bxf3 e5 19. Bc6 Qc7 20. d5 Ne4 21. Qc2 f5
22. Ra1 Ng5 23. Ra2 f4 24. e4 fxg3 25. hxg3 Nh3+ 26. Kh1 Nxf2+ 27. Kh2 Qf7 28.
Qe2 Nxd1 29. Qxd1 Qf1 30. Qc2 Rf3 0-1

[Event "59th World Juniors 2022"]
[Site "Cala Gonone ITA"]
[Date "2022.10.14"]
[Round "4.7"]
[White "Batsuren, Dambasuren"]
[Black "Isik, Alparslan"]
[Result "1/2-1/2"]
[WhiteTitle "GM"]
[BlackTitle "FM"]
[WhiteElo "2522"]
[BlackElo "2377"]
[WhiteFideId "4902920"]
[BlackFideId "34506896"]
[EventDate "2022.10.12"]

1. d4 d5 2. c4 e6 3. Nf3 Nf6 4. g3 Bb4+ 5. Bd2 Bd6 6. Bg2 c6 7. Qc2 Nbd7 8. O-O
O-O 9. Bg5 h6 10. Bxf6 Nxf6 11. Nbd2 b6 12. Ne1 c5 13. dxc5 Bxc5 14. Nd3 Be7 15.
cxd5 Nxd5 16. Nf4 Bb7 17. Nxd5 Bxd5 18. Rfd1 Bxg2 19. Kxg2 Rc8 20. Qa4 Rc7 21.
Nf3 Qe8 22. Qb3 Bf6 23. Rac1 Qc8 24. Rxc7 Qxc7 25. Qb5 Rc8 26. b3 Qc6 27. Qxc6
Rxc6 28. Rd7 Rc2 29. Rd2 Rxd2 30. Nxd2 Kf8 31. Kf3 Ke7 32. Ke4 Kd6 33. Kd3 Kc6
34. h4 g6 35. a4 a6 1/2-1/2

[Event "59th World Juniors 2022"]
[Site "Cala Gonone ITA"]
[Date "2022.10.15"]
[Round "5.26"]
[White "Moksh, Amit Doshi"]
[Black "Winkelman, Albert"]
[Result "1-0"]
[WhiteTitle "IM"]
[BlackTitle "FM"]
[WhiteElo "2430"]
[BlackElo "2229"]
[WhiteFideId "25064967"]
[BlackFideId "3219941"]
[EventDate "2022.10.12"]

1. d4 Nf6 2. c4 e6 3. Nc3 Bb4 4. Qc2 d5 5. a3 Bxc3+ 6. Qxc3 Ne4 7. Qc2 c5 8.
dxc5 Nc6 9. Nf3 Qa5+ 10. Bd2 Nxd2 11. Qxd2 dxc4 12. Qxa5 Nxa5 13. e3 Nb3 14. Rd1
Nxc5 15. Bxc4 Ke7 16. b4 Ne4 17. Bd3 Nd6 18. e4 Bd7 19. Rc1 f5 20. exf5 exf5 21.
Kd2 a5 22. Rhe1+ Kf6 23. Rc5 Rhd8 24. bxa5 Be6 25. Kc2 Rdc8 26. Rxc8 Rxc8+ 27.
Kb2 Bc4 28. Nd4 Rd8 29. Bxc4 Nxc4+ 30. Kc3 Nxa5 31. Re6+ Kf7 32. Re5 Rc8+ 33.
Kb4 Nc6+ 34. Nxc6 bxc6 35. Rxf5+ Ke6 36. Rf3 Kd6 37. Rd3+ Kc7 38. Rg3 g6 39. Rh3
Rh8 40. Kc5 h5 41. Rf3 Kd7 42. Rd3+ Kc7 43. Rd6 Rf8 44. Rxc6+ Kb7 45. Rxg6 Rxf2
46. Rg5 h4 47. h3 Ka6 48. Rg4 Rd2 49. Kc4 Kb6 50. Kc3 Ra2 51. a4 Kc5 52. Kd3 1-0

[Event "59th World Juniors 2022"]
[Site "Cala Gonone ITA"]
[Date "2022.10.15"]
[Round "5.30"]
[White "Tan, Jun Ying"]
[Black "Kanyamarala, Tarun"]
[Result "1/2-1/2"]
[WhiteTitle "CM"]
[BlackTitle "IM"]
[WhiteElo "2189"]
[BlackElo "2407"]
[WhiteFideId "5710413"]
[BlackFideId "45004714"]
[EventDate "2022.10.12"]

1. d4 Nf6 2. c4 e6 3. Nc3 Bb4 4. e3 c5 5. Ne2 b6 6. a3 Ba5 7. Rb1 Na6 8. g3 Bb7
9. d5 b5 10. Bg2 bxc4 11. O-O O-O 12. e4 d6 13. Bg5 h6 14. Bxf6 Qxf6 15. dxe6
Qxe6 16. Qa4 Bxc3 17. Nxc3 Nb8 18. Rbd1 Nd7 19. f4 Nb6 20. Qc2 Rab8 21. Rfe1 Ba8
22. e5 dxe5 23. Rxe5 Qc8 24. Bxa8 Rxa8 25. Ne4 Rd8 26. Re1 Qd7 27. Nxc5 Qc6 28.
Qe4 Qxe4 29. R1xe4 Rd1+ 30. Kf2 Rb1 31. Re8+ Rxe8 32. Rxe8+ Kh7 33. Re2 c3 34.
bxc3 Rc1 35. Ne4 Ra1 36. Nd6 Rxa3 37. Re7 Nd5 38. Rxf7 Nxc3 39. f5 Kg8 40. Rb7
Kf8 41. Rf7+ Kg8 42. Rb7 Kf8 43. Nc4 Ne4+ 44. Kg2 Ra2+ 45. Kf3 Nd2+ 46. Nxd2
Rxd2 47. h3 a5 48. Ra7 Ra2 49. Kg4 Ra3 50. Kh4 Ra2 51. g4 Ra3 52. Kh5 Rxh3+ 53.
Kg6 Rg3 54. Rf7+ Ke8 55. Rxg7 Rxg4+ 56. Kxh6 Rb4 57. Ra7 Kf8 58. Kg6 Rf4 59.
Rxa5 Rf1 60. Kf6 Kg8 61. Ra8+ Kh7 62. Re8 Rf2 63. Re5 Kg8 64. Ke6 Kg7 65. Re1
Ra2 66. f6+ Kf8 67. Re5 Ra1 68. Re2 Ra3 69. Rg2 Re3+ 70. Kf5 Rf3+ 71. Kg6 Rf1
72. Rg4 Rf2 73. Rg1 Rf3 74. Re1 Rg3+ 75. Kf5 Rf3+ 76. Ke6 Rf2 77. Re3 Rf1 78.
Re2 Rf3 79. Rd2 Re3+ 80. Kf5 Rf3+ 81. Kg5 Rg3+ 82. Kf4 Rg1 83. Ke5 Re1+ 84. Kf5
Rf1+ 85. Ke6 Re1+ 86. Kf5 Rf1+ 1/2-1/2

[Event "59th World Juniors 2022"]
[Site "Cala Gonone ITA"]
[Date "2022.10.15"]
[Round "5.54"]
[White "Carroll, Peter"]
[Black "van der Merwe, Alexander"]
[Result "0-1"]
[WhiteTitle "CM"]
[WhiteElo "2115"]
[BlackElo "1746"]
[WhiteFideId "2510243"]
[BlackFideId "14323842"]
[EventDate "2022.10.12"]

1. e4 c5 2. Nf3 d6 3. d4 cxd4 4. Nxd4 Nf6 5. Nc3 a6 6. h4 e5 7. Nb3 Be6 8. f4
exf4 9. Bxf4 Nc6 10. Qd2 Be7 11. O-O-O b5 12. Nd5 Ne5 13. Bxe5 dxe5 14. Qc3 Bxd5
15. exd5 Qd6 16. Qf3 O-O 17. g4 e4 18. Qf5 g6 19. Qg5 Rfd8 20. Bg2 Nxd5 21. Qd2
Qe5 22. Qe2 Bf6 23. c3 Re8 24. g5 Bg7 25. Rhe1 f5 26. gxf6 Nxf6 27. Kb1 Rad8 28.
Rxd8 Rxd8 29. Nd4 Re8 30. a4 bxa4 31. Qxa6 Qg3 32. Re2 h5 33. Qxa4 Kh7 34. Qc6
Qd3+ 35. Ka2 Re7 36. Qc5 Qa6+ 37. Kb1 Ra7 38. Qb5 Qa1+ 39. Kc2 Re7 40. Qb4 Re8
41. Nb3 Qa6 42. Nc1 Qe6 43. Qc5 Qg4 44. Qg5 Qe6 45. Qg3 Bh6 46. Bh3 Qb6 47. Qf2
Qa6 48. Re1 Rd8 49. Rd1 Rb8 50. Nb3 e3 51. Qh2 Qb7 52. Be6 Qe4+ 53. Rd3 Bf4 54.
Nc5 Qxd3+ 55. Kxd3 Bxh2 0-1

[Event "59th World Juniors 2022"]
[Site "Cala Gonone ITA"]
[Date "2022.10.15"]
[Round "5.57"]
[White "Monferrato, Rocco"]
[Black "Vivoli, Alessandro"]
[Result "1-0"]
[WhiteElo "1563"]
[BlackElo "1555"]
[WhiteFideId "3016536"]
[BlackFideId "11800240"]
[EventDate "2022.10.12"]

1. e4 e5 2. Nf3 Nc6 3. c3 Nf6 4. d4 exd4 5. e5 Nd5 6. cxd4 Bb4+ 7. Bd2 Bxd2+ 8.
Nbxd2 O-O 9. Bc4 Nb6 10. Bb3 d5 11. O-O Bg4 12. Qc2 Na5 13. Rfc1 Nxb3 14. axb3
c6 15. b4 h6 16. b5 cxb5 17. Qd3 a6 18. Nb3 Nc4 19. Qc3 Bxf3 20. gxf3 b6 21. Rc2
Re8 22. Nc1 Re6 23. b3 Rg6+ 24. Kf1 Na5 25. Nd3 Rc6 26. Qb2 Rac8 27. Rxc6 Rxc6
28. Nb4 Rg6 29. Nxa6 Qc8 30. Nb4 Qh3+ 31. Ke2 Qd7 32. Qc2 Rg2 33. Rh1 Kf8 34.
Qd3 Ke7 35. f4 Qg4+ 36. Qf3 Nxb3 37. Qxg4 Rxg4 38. Kf3 Rg6 39. Nxd5+ Ke6 40. f5+
Kxf5 41. Ne7+ Ke6 42. Nxg6 fxg6 43. Ke3 Kd5 44. Kd3 Nxd4 45. Rd1 Kxe5 46. f4+
Kxf4 47. Kxd4 g5 48. Rf1+ Kg4 49. Rf7 g6 50. Rf6 Kh3 51. Rxg6 Kxh2 52. Rxh6+ Kg3
53. Rxb6 Kf3 54. Rf6+ Kg3 55. Rf5 g4 56. Ke3 b4 57. Rb5 Kh2 58. Rxb4 g3 59. Rh4+
Kg1 60. Kf3 g2 61. Rg4 Kh1 62. Kf2 1-0

[Event "59th World Juniors 2022"]
[Site "Cala Gonone ITA"]
[Date "2022.10.15"]
[Round "5.58"]
[White "Abdulla Younes Alkhemeiri"]
[Black "Ahmed Younes Alkhemeiri"]
[Result "1-0"]
[WhiteElo "1405"]
[BlackElo "1139"]
[WhiteFideId "9324577"]
[BlackFideId "9324585"]
[EventDate "2022.10.12"]

1. c4 e6 2. g3 Nf6 3. Bg2 d5 4. Nf3 Bd6 5. d4 b6 6. cxd5 exd5 7. Nc3 Bb7 8. Bg5
O-O 9. Nd2 c6 10. e4 dxe4 11. Ndxe4 Be7 12. Nxf6+ Bxf6 13. Bxf6 Qxf6 14. O-O Rd8
15. Ne2 Ba6 16. Re1 Bxe2 17. Rxe2 h6 18. Rd2 Nd7 19. Qa4 b5 20. Qd1 Rac8 21. Rc1
Nb6 22. b3 Nd5 23. Rc5 Nb4 24. a3 Na6 25. Rc3 b4 26. axb4 Nxb4 27. Rc4 Nd5 28.
Qa1 Rc7 29. Qa5 Qe7 30. Rdc2 Nb6 31. Rxc6 Rxc6 32. Bxc6 Rxd4 33. Ra2 Rd6 34. Rc2
Qe6 35. Qb5 Qh3 36. Rc1 Qe6 37. Bg2 Kh7 38. Rc7 Rd7 39. Rxd7 Qxd7 40. Qxd7 Nxd7
41. Kf1 Kg6 42. Ke2 Kf6 43. Kd3 Ke5 44. Kc4 Kd6 45. Kb5 Kc7 46. b4 Nb6 47. Ka6
Kb8 48. f4 Nc4 49. Kb5 Ne3 50. Bh3 f5 51. Kc5 Kc7 52. Kd4 Ng4 53. Bxg4 fxg4 54.
Kc5 Kb7 55. Kb5 a6+ 56. Ka5 Ka7 57. b5 axb5 58. Kxb5 Kb7 59. Kc5 Kc7 60. Kd5 Kd7
61. Ke5 Ke7 62. Kf5 Kf7 63. Kxg4 1-0

[Event "59th World Juniors 2022"]
[Site "Cala Gonone ITA"]
[Date "2022.10.16"]
[Round "6.1"]
[White "Horvath, Dominik"]
[Black "Esipenko, Andrey"]
[Result "1/2-1/2"]
[WhiteTitle "IM"]
[BlackTitle "GM"]
[WhiteElo "2505"]
[BlackElo "2668"]
[WhiteFideId "1642561"]
[BlackFideId "24175439"]
[EventDate "2022.10.12"]

1. e4 e5 2. Nf3 Nc6 3. Bb5 a6 4. Ba4 Nf6 5. O-O Be7 6. Re1 b5 7. Bb3 O-O 8. c3
Na5 9. Bc2 d5 10. d4 dxe4 11. Nxe5 c5 12. Be3 Bb7 13. Nd2 Rc8 14. Qe2 cxd4 15.
Bxd4 Bc5 16. Nxe4 Bxe4 17. Bxe4 Bxd4 18. cxd4 Qxd4 19. Bf5 Rce8 20. Rad1 Qf4 21.
Qf3 Qxf3 22. Nxf3 Rxe1+ 23. Nxe1 Nb7 24. Nc2 g6 25. Bd3 Rc8 26. Nb4 a5 27. Nc2
Nd6 28. Ne3 Rc6 29. g3 Kf8 30. Kg2 Ke7 31. h4 1/2-1/2

[Event "59th World Juniors 2022"]
[Site "Cala Gonone ITA"]
[Date "2022.10.16"]
[Round "6.2"]
[White "Svane, Frederik"]
[Black "Petkov, Momchil"]
[Result "1-0"]
[WhiteTitle "GM"]
[BlackTitle "GM"]
[WhiteElo "2566"]
[BlackElo "2511"]
[WhiteFideId "12923044"]
[BlackFideId "2921642"]
[EventDate "2022.10.12"]

1. e4 c5 2. Nc3 d6 3. Nge2 Nf6 4. d4 cxd4 5. Nxd4 a6 6. Bg5 e6 7. f4 h6 8. Bh4
Qb6 9. a3 Be7 10. Bf2 Qc7 11. Qf3 Nc6 12. O-O-O Bd7 13. g4 Nxd4 14. Rxd4 Bc6 15.
Bc4 b5 16. Ba2 a5 17. g5 hxg5 18. fxg5 Nd7 19. g6 Ne5 20. gxf7+ Kf8 21. Qg2 b4
22. axb4 axb4 23. Rxb4 d5 24. Rb6 dxe4 25. Rg1 Rh7 26. Bd4 Bf6 27. Qg3 Rh5 28.
Kb1 Rd8 29. Bc5+ Kxf7 30. Nb5 Qd7 31. Nd4 Bd5 32. Bxd5 Qxd5 33. Nxe6 Ra8 34. Ba3
Nc4 35. Qg6+ Kg8 36. Qxf6 1-0

[Event "59th World Juniors 2022"]
[Site "Cala Gonone ITA"]
[Date "2022.10.16"]
[Round "6.3"]
[White "Murzin, Volodar"]
[Black "Kacharava, Nikolozi"]
[Result "0-1"]
[WhiteTitle "IM"]
[BlackTitle "IM"]
[WhiteElo "2557"]
[BlackElo "2512"]
[WhiteFideId "44155573"]
[BlackFideId "13611860"]
[EventDate "2022.10.12"]

1. e4 c5 2. Nf3 e6 3. d4 cxd4 4. Nxd4 Nc6 5. Bf4 d6 6. Nxc6 bxc6 7. c4 Rb8 8.
Qd2 e5 9. Be3 f5 10. f4 Nf6 11. Nc3 Ng4 12. O-O-O Nxe3 13. Qxe3 Be7 14. c5 exf4
15. Qe1 O-O 16. cxd6 Bh4 17. Bc4+ Kh8 18. g3 fxg3 19. hxg3 Qg5+ 20. Kb1 Bxg3 21.
Qg1 Bd7 22. Qxa7 Rfd8 23. Qg1 f4 24. Ka1 Bg4 25. Rd3 Qe5 26. Qa7 f3 27. Qf7 Qf4
28. Qe7 Rd7 29. Be6 f2 30. Bxg4 Rxe7 31. dxe7 f1=Q+ 32. Rxf1 Qxf1+ 33. Rd1 Qf6 0-1

[Event "59th World Juniors 2022"]
[Site "Cala Gonone ITA"]
[Date "2022.10.16"]
[Round "6.4"]
[White "Sonis, Francesco"]
[Black "Gadimbayli, Abdulla"]
[Result "1/2-1/2"]
[WhiteTitle "GM"]
[BlackTitle "IM"]
[WhiteElo "2531"]
[BlackElo "2499"]
[WhiteFideId "895733"]
[BlackFideId "13404938"]
[EventDate "2022.10.12"]

1. d4 d5 2. c4 dxc4 3. Nf3 Nf6 4. e3 e6 5. Bxc4 c5 6. Nc3 a6 7. a3 b5 8. Ba2 Bb7
9. O-O Nbd7 10. Qe2 Bd6 11. Rd1 Qc7 12. h3 O-O 13. d5 exd5 14. Nxd5 Nxd5 15.
Bxd5 Bxd5 16. Rxd5 Rad8 17. Rd1 Ne5 18. Bd2 Nxf3+ 19. Qxf3 Be5 20. Bc3 Bxc3 21.
bxc3 h6 22. c4 Rxd1+ 23. Qxd1 Rd8 24. Qc2 Rb8 25. cxb5 axb5 26. Rc1 c4 27. a4
bxa4 28. Qxa4 c3 29. Qf4 Qxf4 30. exf4 Rc8 31. Kf1 Rc6 32. Ke2 Kh7 33. Kd3 Rf6
34. g3 g5 35. Rxc3 gxf4 36. g4 h5 37. Ke4 hxg4 38. hxg4 Kg6 39. Rc5 f3 40. Rh5
Ra6 41. Kxf3 Ra3+ 42. Kg2 Ra4 43. Kg3 Ra3+ 44. f3 Rc3 45. Re5 Ra3 46. Kf4 Ra4+
47. Re4 Ra3 48. Rc4 Rb3 49. Ke4 f6 50. Rd4 Ra3 51. Rd3 Rxd3 1/2-1/2

[Event "59th World Juniors 2022"]
[Site "Cala Gonone ITA"]
[Date "2022.10.16"]
[Round "6.5"]
[White "Batsuren, Dambasuren"]
[Black "Samunenkov, Ihor"]
[Result "1-0"]
[WhiteTitle "GM"]
[BlackTitle "IM"]
[WhiteElo "2522"]
[BlackElo "2473"]
[WhiteFideId "4902920"]
[BlackFideId "14187086"]
[EventDate "2022.10.12"]

1. d4 d5 2. c4 e6 3. Nf3 a6 4. cxd5 exd5 5. Nc3 c6 6. Qc2 Bd6 7. Bg5 Ne7 8. e3
h6 9. Bh4 Bf5 10. Bd3 Bxd3 11. Qxd3 O-O 12. g4 Qc8 13. Rg1 Ng6 14. Bg3 Be7 15.
Qf5 Qe6 16. h4 Bb4 17. h5 Ne7 18. Qxe6 fxe6 19. Ne5 c5 20. Nd3 cxd4 21. exd4
Bxc3+ 22. bxc3 Nd7 23. Kd2 Nf6 24. f3 Nh7 25. Rgf1 Ng5 26. Bh4 Nc6 27. Bxg5 hxg5
28. Rae1 Rae8 29. Ne5 Na5 30. Kd3 Rf6 31. Nd7 Rf7 32. Nc5 Rf6 33. Rb1 Re7 34. a4
Kf7 35. Rb6 Ke8 36. Ke2 Kd8 37. Kf2 Kc8 38. Re1 Nc6 39. Re3 Kb8 40. Nxb7 Kc7 41.
Rb1 e5 42. Nc5 Kd6 43. Rb6 Ref7 44. Kg3 exd4 45. cxd4 Kc7 46. Rb7+ Kd8 47. Ne6+ 1-0

[Event "59th World Juniors 2022"]
[Site "Cala Gonone ITA"]
[Date "2022.10.16"]
[Round "6.6"]
[White "Kozak, Adam"]
[Black "Droin, Augustin"]
[Result "1-0"]
[WhiteTitle "GM"]
[BlackTitle "FM"]
[WhiteElo "2516"]
[BlackElo "2416"]
[WhiteFideId "753246"]
[BlackFideId "45105987"]
[EventDate "2022.10.12"]

1. d4 Nf6 2. c4 e6 3. Nc3 Bb4 4. e3 b6 5. Bd3 Bb7 6. Nf3 Ne4 7. Qc2 f5 8. O-O
Bxc3 9. bxc3 O-O 10. Nd2 Qh4 11. f3 Nxd2 12. Bxd2 d6 13. Rae1 Nd7 14. e4 fxe4
15. Bxe4 Bxe4 16. Rxe4 Qf6 17. Qa4 Qf7 18. Qc6 Nf6 19. Re2 Rfe8 20. Rfe1 Rad8
21. Bg5 Re7 22. f4 Qe8 23. Qf3 Qf7 24. d5 Rde8 25. Bxf6 Qxf6 26. Rxe6 Rxe6 27.
dxe6 g6 28. g4 Kg7 29. f5 h5 30. Rf1 Rf8 31. Qf4 Kg8 32. Kg2 c5 33. g5 Qe7 34.
Qe3 gxf5 35. h4 Kg7 36. Re1 f4 37. Qf3 Qe8 38. Qe4 f3+ 39. Kg3 d5 40. Qe5+ Kg8 1-0

[Event "59th World Juniors 2022"]
[Site "Cala Gonone ITA"]
[Date "2022.10.16"]
[Round "6.7"]
[White "Gorshtein, Ido"]
[Black "Isik, Alparslan"]
[Result "1/2-1/2"]
[WhiteTitle "IM"]
[BlackTitle "FM"]
[WhiteElo "2471"]
[BlackElo "2377"]
[WhiteFideId "2815532"]
[BlackFideId "34506896"]
[EventDate "2022.10.12"]

1. c4 e6 2. d4 Nf6 3. Nc3 d5 4. cxd5 exd5 5. Bg5 c6 6. e3 h6 7. Bh4 Be7 8. Bd3
O-O 9. Nge2 Re8 10. O-O Nbd7 11. f3 b5 12. Bf2 b4 13. Na4 c5 14. b3 Qa5 15. Rc1
Ba6 16. dxc5 Rac8 17. Rc2 Nxc5 18. Bxa6 Qxa6 19. Rd2 Nxa4 20. bxa4 Bc5 21. Qb3
Nd7 22. Nf4 Nb6 23. Nxd5 Qxa4 24. Qxa4 Nxa4 25. Rc2 Nb6 26. Rfc1 Nxd5 27. Rxc5
Nc3 28. Rxc8 Rxc8 29. Rc2 Rd8 30. Be1 Nd1 31. Bd2 a5 32. e4 Rb8 33. Kf1 a4 34.
Rc1 Nb2 35. Ke2 b3 36. axb3 axb3 37. Bf4 Rb7 38. Rb1 Na4 39. Be5 f6 40. Bd4 Rd7
41. Ke3 b2 42. g4 Rb7 43. e5 Rb3+ 44. Ke4 fxe5 45. Bxe5 Rc3 46. h4 Rc1 47. Rxb2
Re1+ 48. Kf4 Nxb2 49. Bxb2 g6 50. Bc3 Rc1 51. Bd2 Rc5 52. Kg3 Kg7 53. Bf4 h5 54.
Bg5 Kf7 55. gxh5 gxh5 56. Be3 Rf5 57. Bg5 Ke6 58. Kf2 Rb5 59. Kg3 Ke5 60. Bh6
Rb7 61. Be3 Rf7 62. Kf2 Kd5 63. Ke2 Rf8 64. Bh6 Re8+ 65. Kd3 Ra8 66. Ke3 Ra6 67.
Bg5 Ke5 68. Bf4+ Kd5 69. Bg5 Ra8 70. Kf4 Rf8+ 71. Ke3 Rf7 72. Bh6 Ke5 73. Bg5
Kf5 74. Kf2 Rb7 75. Kg3 Ke5 76. Be3 Rb2 77. Bg5 Rb5 78. Be3 Rb7 79. Bh6 Rf7 80.
Be3 Kd5 81. Kf2 Kc4 82. Ke2 Re7 83. Kd2 Re6 84. Bg5 Kd4 85. Bf4 Rf6 86. Be3+ Kc4
87. Ke2 Re6 88. Kd2 Rd6+ 89. Ke2 Kc3 90. Bg5 Re6+ 91. Be3 Re8 92. Kf2 Kd3 93.
Bg5 Ra8 94. Bf4 Ra2+ 95. Kf1 Ra4 96. Bg5 Rb4 97. Kf2 Rb5 98. Kf1 Rb2 99. Bf4 1/2-1/2